| 000 | 00615nam a2200169 a 4500 | ||
|---|---|---|---|
| 001 | 000034237 | ||
| 005 | 20200930070907.0 | ||
| 008 | 091125s2006 dr b 000 0 spa d | ||
| 020 | _a9945401262 | ||
| 040 |
_aDO-SdBNP _bspa _cBNPHU |
||
| 082 |
_axxxx _bM516g |
||
| 245 | 0 | 0 |
_aGuía de Santo Domingo : _bcalles, avenidas, barrios , sectores ensanches,urbanizaciones , Residenciales , localizadores, servicios diversos al 2007. |
| 260 |
_aSanto Domingo : _bMapas GAAR, _c2006. |
||
| 300 |
_a275 p. : _bil., maps. ; _c22 cm. |
||
| 500 | _aAtlas de mapas parciales de la ciudad de Santo Domingo al 2007 | ||
| 049 | _aBNPD | ||
| 999 |
_c33728 _d33728 |
||